000 00964nam0a22002531 4500
001 rc\4512670
005 20130416175348.3
021 _aRU
_b[65-63223]
035 _a(NLR Aleph) 008620168
090 _a8818067
_c8818067
100 _a20130416d1965 |||y0rusy50 ca
101 0 _arus
102 _aRU
105 _ay z |||||
200 1 _aОперативный экономический анализ работы промышленного предприятия
_e[Учеб. пособие для экон. вузов и фак.]
210 _aКиев
_cИзд-во Киевского ун-та
_d1965
215 _a338 с.
_d22
606 _aПромышленные предприятия
_xЭкономический анализ
_jУчебники и пособия
_2psbo
700 1 _aКаракоз
_bИ. И.
_gИван Иванович
801 0 _aRU
_bNLR
_gpsbo
801 1 _aRU
_bELAR
_2rusmarc
852 _aNLR
_j65-5/3754
942 _cBOOK
980 _aNB